Much Ado About Nothing Characters - Statistics

General Stats
  • This quiz has been taken 82 times
  • The average score is 10 of 15
Answer Stats
Description Character % Correct
Love instersted of ^ who also swears he'll never marry Benedick
98%
A young, loyal witty women who swears she'll never marry Beatrice
97%
A young woman who is slandered by ^ Hero
97%
Guillable friend of ^ who falls in love at first sight Claudio
94%
Bastard half brother of ^ who likes to break up his couples Don John
92%
A Prince who likes to play matchmaker Don Pedro
89%
A serving woman who falls in love with ^ but unwittingly helps with his schemes Margaret
79%
His home provides the main setting for the play Leonato
69%
The constable in charge of the watch Dogberry
63%
Associate of ^ who helps him with his schemes Borachio
60%
His brother Antonio
58%
His deputy Verges
45%
Another associate of the bastard half brother. They have romantic subtext. Conrad
40%
A musician Balthasar
24%
A waiting woman Urusla
6%
No matching quizzes found
Score Distribution
Percent of People with Each Score
Percentile by Number Answered
Your Score History
You have not taken this quiz